000 00511nam a22001697a 4500
008 160712b xxu||||| |||| 00| 0 eng d
020 _a0-07-353571-0
082 _aDC 190 P18d 2008
100 _911183
_aPalmer, Donald.
245 _aDoes the center hold?:
_ban introduction to western philosophy/
250 _aFourth edition.
260 _aBoston:
_bMcGraw-Hill,
_cc2008.
300 _axv, 476 pages;
_c23 cm.
500 _aIncludes index.
650 0 _911184
_aPhilosophy
_xIntroductions.
942 _2ddc
_cDC
999 _c3354
_d3354